00311pab a2200121 454500008004000000100001400040245003700054260000900091300001500100362001200115650001800127773004400145180718b1969 xxu||||| |||| 00| 0 eng d aDey, B.K. aProfessionalism in civil service c1969 ap.682-701. aOct-Dec aCivil service aIndian Journal of Public Administration